000 00516nam a2200169 i 4500
001 149856
003 ES-MaACL
005 20230906203303.0
007 t|
008 071024s1960 ag |||| | spa d
100 1 _aVan der Meersch, Maxence.
_9113032
245 1 3 _aLa máscara de carne /
_cMaxence Van der Meersch ; [traducción de Ramón Hernández].
260 _aBuenos Aires :
_bPlaza & Janés,
_c[1960]
300 _a213 p. ;
_c19 cm.
700 1 _aHernández, Ramón.
_962858
852 _aES-MaACL
_jC-17135
999 _c149856
_d149856